000 00863cam a22002651 4500
001 ne 64001051
003 DLC
005 20260227111759.0
008 870526m19629999le b 000 0 araoc
010 _ane 64001051
035 _a(OCoLC)15730153
040 _aPrinceton Univ. Libr.
_cCU
_dDLC
042 _apremarc
043 _af-ua---
_aa-sy---
050 0 0 _aDS98.2
_b.M86
100 1 _aMunajjid, Ṣalāḥ al-Dīn.
245 1 0 _aSūrīyah wa-Miṣr bayna al-waḥdah wa-al-infiṣāl,
_cjamaʻahā Ṣalāḥ al-Dīn al-Munajjid.
260 _a[Bayrūt]
_bDār al-Kitāb al-Jadīd
_c1962-
300 _av.
_c20 cm.
490 1 _aWathāʼiq wa-nuṣūṣ,
_v1-
504 _aBibliography: v. 1, p. 337.
651 0 _aEgypt
_xPolitics and government.
651 0 _aSyria
_xPolitics and government.
830 0 _aWathāʼiq wa-nuṣūṣ (Bayrūt) ;
_v1.
999 _c46949
_d46949